Engineering Mechanics Volume 1 : Statics (Record no. 3162)

MARC details
005 - DATE AND TIME OF LATEST TRANSACTION
control field 20250621094431.0
020 ## - INTERNATIONAL STANDARD BOOK NUMBER
International Standard Book Number 0-471-40646-5
082 ## - DEWEY DECIMAL CLASSIFICATION NUMBER
Classification number TEA LM 620.103 MER
100 ## - MAIN ENTRY--PERSONAL NAME
Author name MERIAM, J. L.
245 ## - TITLE STATEMENT
Title Engineering Mechanics Volume 1 : Statics
250 ## - EDITION STATEMENT
Edition statement 5th Ed
260 ## - PUBLICATION, DISTRIBUTION, ETC.
Place of publication, distribution, etc. Canada,
Name of publisher, distributor, etc. John Wiley & Sons Inc,
Date of publication, distribution, etc. 2002.
300 ## - PHYSICAL DESCRIPTION
Extent xviii, 488p.: ill.; figure,table.
Other physical details Index
Dimensions 25cm
700 ## - ADDED ENTRY--PERSONAL NAME
Other authors/Editors KRAIGE, L. G.
942 ## - ADDED ENTRY ELEMENTS (KOHA)
Source of classification or shelving scheme Dewey Decimal Classification
Koha item type Books
Holdings
Date last seen Total checkouts Full call number Barcode Cost, replacement price Price effective from Koha item type Lost status Source of classification or shelving scheme Damaged status Not for loan Withdrawn status Home library Current library Shelving location Date acquired Cost, normal purchase price
06/04/2025   TEA LM 620.103 MER 00000011090 161178.00 06/04/2025 Books   Dewey Decimal Classification       College of Business Education Main Library College of Business Education Main Library General Collection 04/22/2005 53726.00
06/04/2025   TEA LM 620.103 MER 00000011091 161178.00 06/04/2025 Books   Dewey Decimal Classification       College of Business Education Main Library College of Business Education Main Library General Collection 04/22/2005 53726.00
06/04/2025   TEA LM 620.103 MER 00000011092 161178.00 06/04/2025 Books   Dewey Decimal Classification       College of Business Education Main Library College of Business Education Main Library General Collection 04/22/2005 53726.00
06/04/2025   TEA LM 620.103 MER 00000011093 161178.00 06/04/2025 Books   Dewey Decimal Classification       College of Business Education Main Library College of Business Education Main Library General Collection 04/22/2005 53726.00